000 01755cam a22004574i 4500
003 PE-LiUPU
005 20250731172936.0
008 150623s r 000 0 d
020 _a0802837514
035 _a(Sirsi) i9780802837516
040 _aPE-LiUPU
_bspa
_cPE-LiUPU
_erda
049 _aPRUA
082 0 4 _a281
_bR73
_221
245 0 0 _aRoots of faith :
_ban anthology of early christian spirituality to contemplate and treasure /
_ceditado por Robert Van de Weyer.
264 1 _aMichigan :
_bWilliam B. Eerdmans Publishing Company,
_c1997.
300 _a127 páginas :
_bilustraciones, gráficos ;
_c21 centímetros
336 _atext
_2rdacontent
337 _aunmediated
_2rdamedia
338 _avolume
_2rdacarrier
505 0 _aIntroduction. -Clement of Rome. -Ignatius of Antioch. -Shepherd of Hermas. -Barnabas. -Polycarp of Smyrna. -THe martyrdom of Polycarp. -Didache. -Epistle to Diognetus. -Justin. -Athenagoras. -Irenagoras. -Irenaeus. -Tertullian.
526 _aSEG42
526 _aSEG41
526 _aSEG40
526 _aSEG39
526 _aP94
526 _aP87
526 _aP86
526 _aP85
526 _aP77
526 _aP76
526 _aP35
650 0 4 _aLiteratura cristiana primitiva.
650 0 4 _aPadres Apostólicos.
700 1 _aWeyer, Robert Van De,
_eed.
942 _2ddc
_cBOOK
949 _a281 R73
_wDEWEY
_c1
_i44400
_lCCODEBUL1
_mBUL
_p20.00
_r0
_sY
_tBOOK
_u2015-6-24
_xTEOLOGIA
_PP35
_0COMPRA
_o.STAFF. Colección General
994 _aC0
_bPEPRU
596 _a1
999 _a281 R73
_wDEWEY
_c21281
_i44400
_f2021-11-11
_g5
_lCCODEBUL1
_mBUL
_p20.00
_r0
_sY
_tBOOK
_u2015-6-24
_xTEOLOGIA
_PP35
_0COMPRA
_o.STAFF. Colección General
_d21281
980 _81
_gALBERTO SANCHEZ Responsable de Automatización